Setting Up and Implementation of the Parallel Computing Cluster in Higher Education

Nastavenie a implementácia paralelného výpočtového klastra vo vzdelávaní v Matlabe a riešenie vznikajúcich problémov. Opis komparatívnej analýzy paralelného výpočtového klastra. Vypočítanie prvých kalkulácií na jednom počítači a neskôr na paralelnom výpočtovom klastri. Dokázanie efektivity paralelné...

Ausführliche Beschreibung

Gespeichert in:
Bibliographische Detailangaben
1. Verfasser: Serik, Meruert
Weitere Verfasser: Karelkhan, N., Kultan, Jaroslav, 1960-, Zulpykhar, Zhandos
Format: Buchkapitel
Sprache:Englisch
Schlagworte:
Tags: Tag hinzufügen
Keine Tags, Fügen Sie das erste Tag hinzu!

MARC

LEADER 00000naa a2200000 4500
001 0253588
005 20250408103553.4
041 0 |a eng 
044 |a AT 
245 1 0 |a Setting Up and Implementation of the Parallel Computing Cluster in Higher Education  |c Meruert Serik 
520 |a Nastavenie a implementácia paralelného výpočtového klastra vo vzdelávaní v Matlabe a riešenie vznikajúcich problémov. Opis komparatívnej analýzy paralelného výpočtového klastra. Vypočítanie prvých kalkulácií na jednom počítači a neskôr na paralelnom výpočtovom klastri. Dokázanie efektivity paralelného výpočtového klastra a nevyhnutnosť jeho nastavenia. Vytvorenie paralelného výpočtového klastra pre vzdelávanie na pomoc pri výučbe paralelného výpočtového klastra vo vysokoškolskom vzdelávaní, kde nemajú dostatočné hardvérové prostriedky. 
610 2 0 |a vzdelávanie 
610 2 0 |a technológie informačné 
610 2 0 |a technológie komunikačné 
610 2 0 |a klaster 
100 1 |a Serik, Meruert 
700 1 |a Karelkhan, N. 
700 1 |a Kultan, Jaroslav, 1960- 
700 1 |a Zulpykhar, Zhandos